000 00968nam a22002417a 4500
005 20170712105421.0
010 _a1516EN07 ENG-114745
020 _a9788121924870
_c350.00
035 _aEN-98277
035 _aB-612308-337
035 _aB-667998
037 _bDBAD/PUB
082 _a338.7
100 _aAhuja, H.L.
245 _aEconomic environment of business :
_cby H.L.Ahuja
_ban in-depth study of /
250 _a7th rev. ed.
260 _aNew Delhi
_bS. Chand
_c2014
270 _a7361, Ram Nagar
_bNew Delhi
_e110055
300 _axvi, 966p. :
_bill.
_c24cm(pbk)
942 _2ddc
_cEN
_mAHU
_h338.7
999 _c95891
_d95891